Truck drivers and casual sex: an inquiry into the potential spread of HIV/AIDS in the Baltic region (Record no. 291154)

000 -LEADER
fixed length control field 00563cam a22001577a 4500
008 - FIXED-LENGTH DATA ELEMENTS--GENERAL INFORMATION
fixed length control field 180718b2004 xxu||||| |||| 00| 0 eng d
020 ## - INTERNATIONAL STANDARD BOOK NUMBER
International Standard Book Number 0821358944
082 ## - DEWEY DECIMAL CLASSIFICATION NUMBER
Classification number O32 K959
245 ## - TITLE STATEMENT
Title Truck drivers and casual sex: an inquiry into the potential spread of HIV/AIDS in the Baltic region
Statement of responsibility, etc. by Marzena Kulis... [et.al]
260 ## - PUBLICATION, DISTRIBUTION, ETC.
Place of publication, distribution, etc. Washington, D.C.
Name of publisher, distributor, etc. World Bank
Date of publication, distribution, etc. 2004
300 ## - PHYSICAL DESCRIPTION
Extent 29p.
440 ## - SERIES STATEMENT/ADDED ENTRY--TITLE
Title World Bank working paper no. 37
650 ## - SUBJECT ADDED ENTRY--TOPICAL TERM
Topical term or geographic name entry element HIV (Viruses) - Baltic Region
650 ## - SUBJECT ADDED ENTRY--TOPICAL TERM
Topical term or geographic name entry element AIDS (Disease) - Prevention - Baltic Region
700 ## - ADDED ENTRY--PERSONAL NAME
Personal name Kulis, Marzena
Holdings
Withdrawn status Lost status Damaged status Not for loan Permanent Location Current Location Date acquired Full call number Barcode Date last seen Price effective from Koha item type
        Indian Institute of Public Administration Indian Institute of Public Administration 2005-01-10 O32 K959 WB10159 2018-07-20 2018-07-20 WB

Powered by Koha